a general history of the Muhammadan dynasties of Asia : (Record no. 65596)
[ view plain ]
| 000 -LEADER | |
|---|---|
| fixed length control field | 00957nam a2200241 a 4500 |
| 001 - CONTROL NUMBER | |
| control field | 65596 |
| 003 - CONTROL NUMBER IDENTIFIER | |
| rucl marc code | BD-RjUL |
| 005 - DATE AND TIME OF LATEST TRANSACTION | |
| control field | 20211209081437.0 |
| 008 - FIXED-LENGTH DATA ELEMENTS--GENERAL INFORMATION | |
| fixed length control field | 170308r1970 ii a 000 0 eng d |
| 035 ## - SYSTEM CONTROL NUMBER | |
| System control number | (BD-RjUL)65726 |
| 040 ## - CATALOGING SOURCE | |
| Original cataloging agency | DLC |
| Transcribing agency | DLC |
| Language of cataloging | eng |
| Modifying agency | BD-RjUL |
| 041 1# - LANGUAGE CODE | |
| Language code of text/sound track or separate title | eng |
| 082 ## - DEWEY DECIMAL CLASSIFICATION NUMBER | |
| Edition number | 23 |
| Classification number | 956.015072 |
| Author mark and year | MAT 1970 |
| 100 0# - MAIN ENTRY--PERSONAL NAME | |
| Personal name | Maulana, Minhāj-Uddin |
| 9 (RLIN) | 194068 |
| 245 10 - TITLE STATEMENT | |
| Title | a general history of the Muhammadan dynasties of Asia : |
| Remainder of title | including Hindustan; from A.H. 194 (810 A.D.) to A.H. 658 (1260 A.D.) and the irruption of the infidel Mughals into Islam / |
| Statement of responsibility, etc. | Minhāj-Uddin Maulana, Abu Umar L'usman ; translated from original persian manuscripts by Major H. G. Raverty |
| 260 ## - PUBLICATION, DISTRIBUTION, ETC. (IMPRINT) | |
| Place of publication, distribution, etc. | New Delhi : |
| Name of publisher, distributor, etc. | Mrs. Nirmal, |
| Date of publication, distribution, etc. | [Reprinted 1970]. |
| 300 ## - PHYSICAL DESCRIPTION | |
| Pagination | lxiv, 718 p. : |
| Illustrations | ill. ; |
| Size | 22 cm. |
| 650 ## - SUBJECT ADDED ENTRY--TOPICAL TERM | |
| Topical term or geographic name as entry element | Islamic Empire. |
| 9 (RLIN) | 189343 |
| 700 ## - ADDED ENTRY--PERSONAL NAME | |
| Personal name | L'usman, Abu Umar |
| Personal name | Raverty, Major H. G. |
| 942 ## - ADDED ENTRY ELEMENTS (KOHA) | |
| Source of classification or shelving scheme | Dewey Decimal Classification |
| Koha item type | Books |
| Lost status | Source of classification or shelving scheme | Damaged status | Not for loan | Collection code | Permanent Location | Current Location | Shelving location | Date acquired | Source of acquisition | Total Checkouts | Full call number | Date last seen | Copy number | Koha item type |
|---|---|---|---|---|---|---|---|---|---|---|---|---|---|---|
| Dewey Decimal Classification | Not For Loan | Non-fiction | Central Library, University of Rajshahi | Central Library, University of Rajshahi | Reading Room | 27/06/1974 | India Gov. | 956.015072 MAT 1970 | 08/03/2017 | C-1 | Books |